000 00590cam a22002053a 4500
001 39372
003 PGUSA
005 20140828083856.0
008 120404s2012||||xxu|||||s|||||000 | eng d
040 _aPGUSA
_beng
042 _adc
100 1 _aAlvarez, Ticul,
_d1935-2001
245 1 4 _aThe Recent Mammals of Tamaulipas, Mexico
_h[electronic resource] /
_cTicul Alvarez
260 _bProject Gutenberg,
_c2012
506 _aPublic domain in the USA.
516 _aElectronic text
830 0 _aProject Gutenberg
_v39372
856 4 0 _uhttp://www.gutenberg.org/ebooks/39372
942 _cEB
999 _c268625
_d268625